| 000 | 00685nam a2200217 i 4500 | ||
|---|---|---|---|
| 001 | 33512 | ||
| 003 | ES-MaACL | ||
| 005 | 20230906154754.0 | ||
| 007 | t| | ||
| 008 | 030202s1957 sp ||||1| spa d | ||
| 100 | 1 |
_aBiot, René. _928951 |
|
| 245 | 1 | 3 |
_aEl enigma de los estigmatizados / _cRené Biot ; [traducción directa del francés por Luis de los Arcos]. |
| 260 |
_aBarcelona : _bA.H.R., _c[1957] ( _fEstampa) |
||
| 300 |
_a230 p. ; _c19 cm. |
||
| 490 | 1 | _aEl Espíritu del mundo | |
| 650 | 4 |
_aEstigmatizados. _9157496 |
|
| 700 | 1 |
_aArcos, Luis de los. _922518 |
|
| 830 | 0 |
_aEl Espíritu del mundo _9183498 |
|
| 852 |
_aES-MaACL _jC-13913 _bR.41840 |
||
| 999 |
_c33512 _d33512 |
||